Basic awalan

Bibliographic Details
Main Author: Chuah Teik Huat
Format: Book
Published: Petaling Jaya : Longman Malaysia Sdn.Bhd. , 1992
Series:Siri Komputer Longman
Subjects:

MARC

LEADER 00000cam a2200000 7i4500
001 0000006600
002 000007119
005 20000330.0
020 |a 9679760014 
090 0 0 |a 005.133   |b CHU 
100 0 |a Chuah Teik Huat 
245 1 0 |a Basic awalan   |c Chuah Teik Huat 
260 |a Petaling Jaya :   |b Longman Malaysia Sdn.Bhd. ,   |c 1992 
300 |a 198p. ;   |c 23cm. 
490 0 |a Siri Komputer Longman 
650 0 0 |a BASIC (Computer program language) 
650 0 0 |a Compilers (Computer programs) 
650 0 0 |a Computer programming 
999 |a 038363   |b BUKU   |c PINJAMAN   |e PERPUSTAKAAN KOMUNITI PETALING JAYA 
999 |a 038364   |b BUKU   |c PINJAMAN   |e PERPUSTAKAAN KOMUNITI PETALING JAYA